Statistics for Biggest Trading Partners - Philippines

Click here to take the quiz!

General Stats

  • This quiz has been taken 456 times
  • The average score is 16 of 19

Answer Stats

exportsimportscountry% Correct
12.8 bil18.4 bilChina
100%
11.7 bil10.2 bilJapan
98%
8.67 bil7.68 bilUnited States
98%
0.59 bil4.71 bilIndonesia
95%
1.19 bil3.42 bilMalaysia
93%
2.10 bil5.62 bilSouth Korea
93%
0.49 bil0.97 bilAustralia
92%
1.52 bilIndia
89%
3.70 bil5.60 bilSingapore
89%
2.13 bil6.73 bilThailand
89%
0.52 bilCanada
88%
0.75 bil1.98 bilVietnam
88%
2.06 bil5.37 bilTaiwan
85%
2.29 bil2.01 bilGermany
83%
0.73 bil1.01 bilFrance
82%
0.54 bilMexico
80%
1.09 bilSaudi Arabia
74%
1.72 bilNetherlands
51%
1.01 bilKuwait
36%

Score Distribution

Percentile by Number Answered

Percent of People with Each Score

Your Score History

You have not taken this quiz